Posúdenie využitia prázdnych nádrží na mestskej ČOV pre účely chovu rýb diplomová práce

Guardado en:
Detalles Bibliográficos
Autor principal: Vlček, Lukášš
Formato: Libro
Lenguaje:eslovaco
Publicado: Bratislava STU FCHPT 2017
Acceso en línea:Ver en el OPAC
Etiquetas: Agregar Etiqueta
Sin Etiquetas, Sea el primero en etiquetar este registro!

MARC

LEADER 00000nam a2200000 a 4500
005 20260127134233.0
008 170816 2017 xo 001 0 slo d
035 |a vtls011707118 
039 9 |a 201908200945  |b csnkv15  |y 201708161319  |z mschk03 
040 |a STUSCHK1  |b slo  |c STUSCHK1  |e AACR2 
100 1 |a Vlček, Lukášš 
245 1 |a Posúdenie využitia prázdnych nádrží na mestskej ČOV pre účely chovu rýb  |b diplomová práce  |c Lukáš Vlček 
260 |a Bratislava  |b STU FCHPT  |c 2017 
300 |a 66 s.  |b il.  |c 25 cm 
500 |a Študijný program: technologie ochrany životného prostredia 
500 |a Študijný odbor: chemické technológie 
500 |a Školiace pracovisko: Oddelenie environmentálneho inžinierstva 
500 |a Evid. číslo: FCHPT-100568-42925 
910 |a SCHK95 
999 |c 7465  |d 7465